[Event "QA-ANNIV-03"]
[Site "http://www.queenalice.com/game.php?id=413676"]
[Date "2008.6.5"]
[Round "7"]
[White "Marko_Max"]
[Black "egis"]
[Result "0-1"]
[WhiteElo "2033"]
[BlackElo "2092"]

1. e4 c5 2. Nf3 d6 3. d4 cxd4 4. Nxd4 Nf6 5. Nc3 e6 6. Be2 Be7 7. O-O O-O 8. f4
e5 9. Nb3 Qb6+ 10. Kh1 Be6 11. Nd5 Bxd5 12. exd5 Nbd7 13. c4 e4 14. Qd4 Bd8 15.
Be3 Qb4 16. Bd2 Qa4 17. Bc3 Bb6 18. Qd1 e3 19. Bd3 Rae8 20. Rf3 Re7 21. Nd4
Qxd1+ 22. Rxd1 g6 23. Re1 Rfe8 24. Nb5 Nc5 25. Nxd6 Nxd3 26. Re2 Ne4 27. Nxe8
Rxe8 28. g3 Nd6 0-1

[Event "AUTO-MASTER-310"]
[Site "http://www.queenalice.com/game.php?id=415624"]
[Date "2008.6.10"]
[Round "2"]
[White "Cat"]
[Black "egis"]
[Result "0-1"]
[WhiteElo "2116"]
[BlackElo "2179"]

1. d4 Nf6 2. c4 e6 3. Nf3 d5 4. Bg5 Be7 5. Nc3 h6 6. Bxf6 Bxf6 7. e3 O-O 8. Rc1
c6 9. cxd5 cxd5 10. Bd3 Nc6 11. O-O b6 12. Qa4 Bb7 13. Ne2 Qd7 14. Bb5 Rfc8 15.
Rc3 Rc7 16. Rfc1 Rac8 17. Ne5 Bxe5 18. dxe5 a6 19. Bd3 b5 20. Qf4 Qe7 21. a3 Na5
22. h3 Rxc3 23. Rxc3 Rxc3 24. Nxc3 Qc5 25. Qd4 Qc6 26. e4 Nb3 27. exd5 exd5 28.
Qh4 g5 29. Qg4 Nc5 30. Bf1 Qe6 31. Qg3 d4 32. Ne2 d3 33. Nc3 d2 34. Be2 Na4 35.
Nxa4 bxa4 36. Qd3 Qd5 0-1

[Event "AUTO-MASTER-310"]
[Site "http://www.queenalice.com/game.php?id=415625"]
[Date "2008.6.10"]
[Round "2"]
[White "egis"]
[Black "Cat"]
[Result "1/2-1/2"]
[WhiteElo "2169"]
[BlackElo "2123"]

1. e4 c5 2. Nc3 d6 3. f4 Nc6 4. Nf3 e6 5. Bb5 Bd7 6. Bxc6 Bxc6 7. d3 a6 8. O-O
b5 9. b3 Qc7 10. f5 g6 11. fxe6 fxe6 12. Ng5 Qd7 13. Bb2 e5 14. Nd5 Bxd5 15.
exd5 Nh6 16. Qd2 Nf5 17. Ne6 Bh6 18. Qe2 Qe7 19. Qf3 Kd7 20. Qe4 Ng7 21. Nxg7
Qxg7 22. a4 b4 23. Rf2 Rhf8 24. Raf1 Rxf2 25. Rxf2 Rf8 26. Rxf8 Qxf8 27. g3 a5
28. Kg2 Qf6 29. h4 Qf5 30. Qe2 Ke7 1/2-1/2

[Event "AUTO-MASTER-310"]
[Site "http://www.queenalice.com/game.php?id=415626"]
[Date "2008.6.10"]
[Round "2"]
[White "marcosnatal"]
[Black "egis"]
[Result "1-0"]
[WhiteElo "2194"]
[BlackElo "2198"]

1. d4 Nf6 2. c4 e6 3. Nc3 Bb4 4. a3 Bxc3+ 5. bxc3 c5 6. Bg5 O-O 7. dxc5 Nc6 8.
Qd6 Na5 9. e4 h6 10. Bxf6 Qxf6 11. e5 Qg6 12. O-O-O f6 13. Nf3 fxe5 14. Qxe5 Rf5
15. Bd3 Rxe5 16. Bxg6 Rxc5 17. Rd5 b6 18. Rxc5 bxc5 19. Ne5 Kf8 20. Rd1 Ke7 21.
Bd3 d6 22. Ng6+ Kd7 23. Re1 Bb7 24. f3 e5 25. f4 exf4 26. Re7+ Kc6 27. Nxf4 Kb6
28. Rxg7 Rf8 29. Nd5+ Bxd5 30. cxd5 Rf2 31. Kd1 Ra2 32. Rh7 Ra1+ 33. Ke2 Ra2+
34. Ke3 Rxa3 35. Rxh6 c4 36. Be4 Kc5 37. Kd2 Ra2+ 38. Ke1 Ra1+ 39. Ke2 Ra2+ 40.
Kd1 Ra1+ 41. Kc2 Ra2+ 42. Kd1 Ra1+ 43. Kc2 Ra2+ 44. Kb1 Rf2 45. g4 1-0

[Event "AUTO-MASTER-310"]
[Site "http://www.queenalice.com/game.php?id=415627"]
[Date "2008.6.10"]
[Round "2"]
[White "egis"]
[Black "marcosnatal"]
[Result "0-1"]
[WhiteElo "2211"]
[BlackElo "2181"]

1. e4 e5 2. Nf3 Nc6 3. Bb5 a6 4. Ba4 Nf6 5. O-O b5 6. Bb3 Bb7 7. d3 Bb4 8. Nbd2
O-O 9. a3 Bc5 10. Bd5 Qe7 11. b4 Bb6 12. Bb2 Nxd5 13. exd5 Nd4 14. c3 Nxf3+ 15.
Qxf3 c6 16. d4 cxd5 17. Qe3 Rae8 18. Nf3 exd4 19. Qxe7 Rxe7 20. cxd4 Re2 21. Bc3
Rc2 22. Rfc1 Rxc1+ 23. Rxc1 f6 24. Nh4 Re8 25. Nf5 Bc7 26. Bd2 Bc6 27. Rc2 g6
28. Nh4 Bf4 29. Nf3 Bb8 30. Bc3 Bc7 31. Ne1 Bb7 32. Nd3 d6 33. f3 Bb6 34. Bb2 g5
35. Kf2 f5 36. Re2 Rxe2+ 37. Kxe2 Kf7 38. g3 h5 39. h4 gxh4 40. gxh4 Bd8 41. Nf4
a5 42. bxa5 Bxa5 43. Nxh5 Bd8 44. Ng3 f4 0-1

[Event "QA-ANNIV-04"]
[Site "http://www.queenalice.com/game.php?id=418505"]
[Date "2008.6.16"]
[Round "1"]
[White "Diego_Silveira"]
[Black "egis"]
[Result "0-1"]
[WhiteElo "1999"]
[BlackElo "2079"]

1. d4 Nf6 2. Nc3 d5 3. Bg5 Nbd7 4. f3 e6 5. e4 Be7 6. Qd2 O-O 7. O-O-O c6 8. Bd3
b5 9. exd5 Nxd5 10. Ne4 Bxg5 11. Nxg5 N7f6 12. h4 Qb6 13. Ne2 c5 14. dxc5 Qxc5
15. Kb1 Ne3 16. Rdg1 Bb7 17. Qc3 Qb6 0-1

[Event "QA-ANNIV-04"]
[Site "http://www.queenalice.com/game.php?id=445753"]
[Date "2008.8.8"]
[Round "2"]
[White "egis"]
[Black "arrabi"]
[Result "1-0"]
[WhiteElo "2125"]
[BlackElo "2066"]

1. d4 Nf6 2. c4 g6 3. Nc3 Bg7 4. e4 d6 5. Nf3 c6 6. Be2 O-O 7. O-O Bg4 8. h3
Bxf3 9. Bxf3 Nbd7 10. b3 a6 11. a4 a5 12. Bg5 Qc7 13. Qd3 Rad8 14. d5 Nc5 15.
Qe3 Nxb3 16. Rab1 Nc5 17. dxc6 bxc6 18. Rfd1 e5 19. Be2 Rb8 20. Rxb8 Rxb8 21.
Bxf6 Bxf6 22. Qd2 Be7 23. Qc2 Nb3 24. Rb1 Nd4 25. Rxb8+ Qxb8 26. Qd3 Qb2 27. Bd1
Bh4 28. Ne2 c5 29. Kf1 f5 30. exf5 gxf5 31. Qe3 Qa1 32. Nc3 Kg7 33. Qd2 h6 34.
Nb5 Bg5 35. Qe1 Be7 36. Qd2 Bg5 37. Qe1 Qc1 38. Nxd6 e4 39. Bh5 Qc2 40. Qd1 Qa2
41. Kg1 Bf4 42. Nxf5+ Nxf5 43. Qg4+ Kf6 44. Qxf4 Qa1+ 45. Kh2 Qe5 46. g3 Qxf4
47. gxf4 Nh4 48. Bd1 Nf5 49. Bc2 e3 50. Bd3 exf2 51. Kg2 Ne3+ 52. Kxf2 Nd1+ 53.
Kf3 Nb2 54. Ke4 Kg6 55. Bc2 Kf6 56. Kd5 Nxa4 57. Bxa4 Kf5 58. Kxc5 Kxf4 59. Kd5
Kg3 60. c5 Kxh3 61. c6 h5 62. c7 h4 63. c8=Q+ Kg2 64. Qg4+ Kh1 65. Qf3+ Kh2 66.
Qf2+ Kh3 67. Bd7# 1-0

[Event "AUTO-MASTER-298"]
[Site "http://www.queenalice.com/game.php?id=445823"]
[Date "2008.8.8"]
[Round "2"]
[White "sergiogvh"]
[Black "egis"]
[Result "0-1"]
[WhiteElo "2129"]
[BlackElo "2200"]

1. e4 c5 2. d4 cxd4 3. c3 Nf6 4. e5 Nd5 5. cxd4 e6 6. Nc3 Bb4 7. Bd2 Bxc3 8.
bxc3 O-O 9. Nf3 Nc6 10. Bd3 g6 11. c4 Nde7 12. O-O b6 13. Bh6 Re8 14. Bg5 Qc7
15. Qd2 Nxd4 16. Nxd4 Qxe5 17. Nb5 Bb7 18. Bf4 Qg7 0-1

[Event "AUTO-MASTER-298"]
[Site "http://www.queenalice.com/game.php?id=445824"]
[Date "2008.8.8"]
[Round "2"]
[White "egis"]
[Black "sergiogvh"]
[Result "1-0"]
[WhiteElo "2189"]
[BlackElo "2140"]

1. d4 Nf6 2. c4 c5 3. Nf3 cxd4 4. Nxd4 Nc6 5. Nc3 e6 6. e3 Bb4 7. Bd2 O-O 8. Be2
e5 9. Nxc6 bxc6 10. O-O d5 11. cxd5 cxd5 12. a3 Be7 13. b4 Bb7 14. Bf3 Qd7 15.
h3 e4 16. Be2 Bc6 17. b5 Bb7 18. a4 1-0

[Event "AUTO-MASTER-298"]
[Site "http://www.queenalice.com/game.php?id=445827"]
[Date "2008.8.8"]
[Round "2"]
[White "egis"]
[Black "Rusty"]
[Result "0-1"]
[WhiteElo "2178"]
[BlackElo "2338"]

1. d4 d5 2. Nf3 e6 3. c4 Nf6 4. Nc3 dxc4 5. e4 Bb4 6. e5 Nd5 7. Bd2 Nb6 8. Be2
Nc6 9. Be3 O-O 10. O-O f5 11. exf6 gxf6 12. a3 Be7 13. a4 Bb4 14. Ne4 Na5 15.
Nc5 Nd5 16. Bd2 Bxd2 17. Qxd2 b6 18. Ne4 Nb3 19. Qc2 Nxa1 20. Rxa1 f5 21. Ng3
Ba6 22. Bxc4 Bxc4 23. Qxc4 Qd6 24. Re1 c5 25. dxc5 bxc5 26. Ng5 Rf6 27. N3e4
fxe4 28. Nxe4 Qf4 29. Nxf6+ Qxf6 30. Qxc5 Qxb2 31. Qc6 Rf8 32. Qxe6+ Kh8 33. f3
Qd4+ 34. Kh1 Nf4 35. Qe4 Rd8 36. h3 a6 37. a5 Qf6 38. Qa4 Rg8 39. Re8 h5 40.
Rxg8+ Kxg8 41. Qb3+ Kh7 42. Qb6 Qg7 43. g4 h4 44. Qb1+ Kh6 45. Qb6+ Qg6 46. Kh2
Qe6 47. Kh1 Kg5 48. Qd8+ Qf6 49. Qd2 Kh6 50. Qc1 Qe5 51. Qd2 Kg6 52. Qc2+ Kg5
53. Qf2 Qxa5 54. Kh2 Qe5 55. Kh1 a5 56. Qd2 Qd5 57. Qf2 Qd1+ 58. Kh2 Qe2 59. Kh1
Qe5 60. Qd2 Qd5 61. Qf2 a4 62. Qc2 a3 63. Kg1 a2 64. Qb2 Qd1+ 65. Kh2 Qe2+ 66.
Qxe2 Nxe2 67. Kg2 a1=Q 68. Kf2 Kf4 69. Kxe2 Qc3 70. g5 Qe3+ 71. Kd1 Qf2 72. Kc1
Ke3 73. Kb1 Kd3 0-1

[Event "AUTO-MASTER-298"]
[Site "http://www.queenalice.com/game.php?id=445828"]
[Date "2008.8.8"]
[Round "2"]
[White "Rusty"]
[Black "egis"]
[Result "1-0"]
[WhiteElo "2316"]
[BlackElo "2181"]

1. d4 Nf6 2. c4 e6 3. Nc3 Bb4 4. Qc2 O-O 5. a3 Bxc3+ 6. Qxc3 Nc6 7. Bg5 h6 8.
Bh4 Ne4 9. Bxd8 Nxc3 10. Bxc7 Nxd4 11. Rc1 Na4 12. b4 b6 13. e3 Nf5 14. e4 Ne7
15. c5 bxc5 16. bxc5 Bb7 17. Rc4 Bc6 18. Nf3 Nb2 19. Rb4 Na4 20. Ne5 Nc3 21. Bd3
a5 22. Rb3 Na4 23. Bd6 Rfe8 24. Kd2 f5 25. Nxc6 dxc6 26. Rc1 fxe4 27. Bxe4 Red8
28. Ke1 Nf5 29. Rc4 Nxd6 30. cxd6 Rxd6 31. Rxa4 Ra6 32. Rd3 Rxd3 33. Bxd3 Ra8
34. Be4 Ra6 35. Rc4 Kf7 36. Rxc6 Rxc6 37. Bxc6 Ke7 38. Kd2 Kd6 39. Be8 Ke7 40.
Bh5 Kd6 41. Kc3 Kc5 42. f4 e5 43. fxe5 Kd5 44. Kb3 Kxe5 45. Ka4 Kd5 46. Kxa5 Kc4
47. Be8 Kc5 48. Ka6 g5 49. a4 Kd4 50. Kb6 Ke3 51. a5 Kf2 52. Bc6 Kg1 53. h3 h5
54. a6 g4 55. a7 Kf2 56. a8=Q gxh3 57. gxh3 Ke3 58. Qa4 Kd3 59. Kc5 Ke2 60. Qb3
h4 61. Kd4 Kf1 62. Qc2 1-0

[Event "QA-ANNIV-03"]
[Site "http://www.queenalice.com/game.php?id=446338"]
[Date "2008.8.9"]
[Round "8"]
[White "egis"]
[Black "musampa"]
[Result "1-0"]
[WhiteElo "2144"]
[BlackElo "1878"]

1. d4 d5 2. c4 e6 3. Nc3 Nf6 4. cxd5 exd5 5. Bg5 Be7 6. Nf3 O-O 7. e3 h6 8. Bxf6
Bxf6 9. Be2 Nc6 10. O-O a6 11. a4 Re8 12. a5 Bf5 13. Qa4 Na7 14. b4 Bd7 15. Qb3
Bb5 16. Bxb5 Nxb5 17. Nxd5 Qd6 18. Nxf6+ Qxf6 19. Ne5 Rad8 20. Rac1 c6 21. Qc4
Nd6 22. Qc5 Ne4 23. Qb6 Nd2 24. Rfd1 Ne4 25. f3 Nd6 26. e4 Qg5 27. Rc5 Qe3+ 28.
Kf1 Qf4 29. Kg1 Qe3+ 30. Kf1 Qf4 31. Kg1 Qe3+ 32. Kh1 Qe2 33. Rcc1 Nb5 34. Re1
Qd2 35. Qxb7 Nd6 36. Qxa6 Qxd4 37. Nxc6 Ra8 38. Qxa8 1-0

[Event "QA-ANNIV-03"]
[Site "http://www.queenalice.com/game.php?id=469823"]
[Date "2008.9.28"]
[Round "9"]
[White "Marchess"]
[Black "egis"]
[Result "0-1"]
[WhiteElo "2029"]
[BlackElo "2135"]

1. e4 c5 2. Nf3 d6 3. d4 cxd4 4. Nxd4 Nf6 5. Nc3 e6 6. Be2 Be7 7. Be3 O-O 8. Qd2
e5 9. Nb3 Nc6 10. f3 b6 11. O-O-O a5 12. Nd5 Nxd5 13. exd5 Nb4 14. a3 Na6 15. g4
Nc5 16. Nxc5 bxc5 17. h4 Bb7 18. g5 Qd7 19. h5 Qf5 20. g6 h6 21. Rdg1 Bf6 22. c4
a4 23. Bxh6 gxh6 24. Qxh6 fxg6 25. hxg6 Qf4+ 26. Kc2 Qxh6 27. Rxh6 Bg7 28. Rh7
Bc8 29. Bd3 Rxf3 30. Rgh1 Rf2+ 31. Kc3 Ba6 32. R7h5 Rb8 0-1

[Event "QA-ANNIV-04"]
[Site "http://www.queenalice.com/game.php?id=479360"]
[Date "2008.10.18"]
[Round "3"]
[White "egis"]
[Black "Rafaelpimentel"]
[Result "1-0"]
[WhiteElo "2148"]
[BlackElo "2162"]

1. d4 Nf6 2. c4 e6 3. g3 Be7 4. Bg2 O-O 5. Nf3 c6 6. O-O d5 7. cxd5 cxd5 8. Nc3
Nc6 9. Bg5 h6 10. Bxf6 Bxf6 11. a3 Qb6 12. Na4 Qc7 13. b4 b6 14. b5 Na5 15. Rc1
Qd6 16. Qd3 Nc4 17. Ra1 Bd7 18. Nc3 Rfc8 19. e4 Be7 20. a4 Qb4 21. Rfb1 Nb2 22.
Qd2 Qxc3 23. Rxb2 f6 24. exd5 exd5 25. Nh4 Bb4 26. Bxd5+ Kh8 27. Qe2 Rab8 28.
Rd1 Re8 29. Qc2 1-0

[Event "Challenge"]
[Site "http://www.queenalice.com/game.php?id=510531"]
[Date "2008.12.20"]
[Round "-"]
[White "SJRioPreto"]
[Black "egis"]
[Result "1-0"]
[WhiteElo "2311"]
[BlackElo "2180"]

1. d4 Nf6 2. c4 e6 3. Nf3 d5 4. Nc3 Nbd7 5. cxd5 exd5 6. Bf4 Be7 7. Nb5 O-O 8.
Nxc7 Bb4+ 9. Nd2 Rb8 10. a3 Bxd2+ 11. Qxd2 b6 12. f3 Rb7 13. Rc1 Nb8 14. Nb5 Be6
15. e3 a6 16. Nc7 a5 17. Nb5 Na6 18. Bd3 Bd7 19. O-O Bxb5 20. Bxb5 Nb8 21. Qc2
Qe7 22. Qf5 Ra7 23. Rc8 Nbd7 24. Rfc1 Qe6 25. Bd3 h6 26. Qxe6 fxe6 27. Bg6 Rxc8
28. Rxc8+ Nf8 29. Bd6 Nd7 30. a4 b5 31. axb5 Rb7 32. Be8 Nb6 33. Rd8 h5 34. Bxh5
Nd7 35. Be8 Nb6 36. Bc5 Na4 37. b3 Nxc5 38. dxc5 a4 39. bxa4 d4 40. c6 Ra7 41.
b6 Rxa4 42. c7 Rc4 43. c8=Q Rxc8 44. Rxc8 g5 45. b7 g4 46. b8=Q gxf3 47. Qf4 f2+
48. Qxf2 Kg7 49. Qf7+ 1-0

[Event "QA-ANNIV-04"]
[Site "http://www.queenalice.com/game.php?id=514354"]
[Date "2008.12.29"]
[Round "4"]
[White "Bergman"]
[Black "egis"]
[Result "1-0"]
[WhiteElo "2546"]
[BlackElo "2170"]

1. e4 c5 2. Nf3 d6 3. d4 cxd4 4. Nxd4 Nf6 5. Nc3 a6 6. Be3 e6 7. f3 d5 8. e5
Nfd7 9. f4 Bb4 10. Be2 O-O 11. O-O Bxc3 12. bxc3 Nb6 13. Rb1 Nc4 14. Bxc4 dxc4
15. a4 Qc7 16. Qe2 Bd7 17. a5 Nc6 18. Nf3 Nxa5 19. Bb6 Qc8 20. Ng5 h6 21. Ne4
Nc6 22. Nd6 Qb8 23. Bc5 b5 24. Nxc4 Rd8 25. Rf3 Qb7 26. Rg3 Be8 27. Qg4 g6 28.
Qh4 f5 29. exf6 Qh7 30. Nd6 Bf7 31. Rd3 h5 32. Qg3 Rdb8 33. Rbd1 h4 34. Qe1 Qh5
35. f5 Nd8 36. Rd4 h3 37. Rh4 Qg5 38. Rxh3 e5 39. Nxf7 Nxf7 40. fxg6 Qxg6 41.
Rg3 Ng5 42. Qxe5 Rd8 43. Rxd8+ Rxd8 44. Rxg5 Qxg5 45. Qxg5+ 1-0

[Event "QA-ANNIV-03"]
[Site "http://www.queenalice.com/game.php?id=525032"]
[Date "2009.1.18"]
[Round "10"]
[White "egis"]
[Black "Cat"]
[Result "1-0"]
[WhiteElo "2168"]
[BlackElo "2124"]

1. d4 Nf6 2. c4 d6 3. Nc3 g6 4. Nf3 Bg7 5. e4 O-O 6. Be2 e5 7. d5 Kh8 8. b3 Ng8
9. O-O f5 10. exf5 Bxf5 11. Bg5 Qd7 12. a4 Na6 13. Be3 Nf6 14. Nb5 b6 15. Ng5 h6
16. Nf3 Ng4 17. Bd2 e4 18. Nfd4 Ne5 19. Bf4 g5 20. Be3 Nc5 21. Rb1 a6 22. Nxf5
Rxf5 23. Nc3 Nxc4 24. bxc4 Bxc3 25. Bxc5 bxc5 26. Bg4 Bd4 27. Bxf5 Qxf5 28. Qh5
Kh7 29. h3 Rf8 30. Qe2 Qf4 31. a5 Be5 32. g3 Qf5 33. Rb7 Rf7 34. Kg2 Qf3+ 35.
Qxf3 exf3+ 36. Kh2 Bc3 37. Ra7 Bxa5 38. Rxa6 Bc3 39. Ra3 Be5 40. Re1 h5 41. Ree3
g4 42. Re4 h4 43. Rxe5 hxg3+ 44. Kxg3 dxe5 45. hxg4 e4 46. Re3 1-0

[Event "Challenge"]
[Site "http://www.queenalice.com/game.php?id=577366"]
[Date "2009.4.25"]
[Round "-"]
[White "egis"]
[Black "Canaye"]
[Result "1-0"]
[WhiteElo "2173"]
[BlackElo "1940"]

1. e4 e6 2. d4 d5 3. Nd2 dxe4 4. Nxe4 Nd7 5. Nf3 Ngf6 6. Bg5 Be7 7. Nxf6+ Nxf6
8. Be2 Ne4 9. Bxe7 Qxe7 10. O-O h5 11. c3 h4 12. a4 h3 13. g3 Bd7 14. a5 O-O-O
15. a6 b6 16. Qd3 f5 17. Ne5 Rh6 18. Bf3 Nd6 19. b4 Nf7 20. Nxf7 Qxf7 21. Bb7+
Kb8 22. b5 Qf6 23. Rae1 f4 24. Qe2 Qg5 25. c4 Rf6 26. Rd1 Be8 27. g4 Bg6 28. f3
Bf7 29. Qd3 e5 30. Qe4 exd4 31. Bd5 Bxd5 32. Rxd4 Rfd6 33. cxd5 Rxd5 34. Rfd1 c6
35. Rxd5 cxd5 36. Qe6 Qf6 37. Qxf6 gxf6 38. Rd4 Kc7 39. Rxf4 d4 40. Rxf6 d3 41.
Rc6+ Kb8 42. Rc1 Rd5 43. Rd1 Kc7 44. Kf2 Rxb5 45. Rxd3 Rb2+ 46. Kg3 b5 47. f4 b4
48. f5 Ra2 49. f6 Ra3 50. Rxa3 bxa3 51. f7 a2 52. f8=Q a1=Q 53. Qc5+ Kd7 54.
Qxa7+ Ke6 55. Qe3+ Kd6 56. a7 Qa2 57. Qb6+ Ke5 58. Qb8+ Kf6 59. a8=Q 1-0

[Event "Challenge"]
[Site "http://www.queenalice.com/game.php?id=606558"]
[Date "2009.6.20"]
[Round "-"]
[White "egis"]
[Black "Canaye"]
[Result "1-0"]
[WhiteElo "2177"]
[BlackElo "1923"]

1. c4 e6 2. e4 d5 3. exd5 exd5 4. Be2 d4 5. Qb3 Nf6 6. Nf3 c5 7. d3 Nc6 8. O-O
b6 9. Nbd2 Qc7 10. Ne4 Nxe4 11. dxe4 Bd6 12. Bd2 O-O 13. Qd3 Bg4 14. h3 Bxf3 15.
Qxf3 Ne5 16. Qb3 Rac8 17. Qa4 Rfe8 18. b3 Rcd8 19. Bg5 f6 20. Bc1 d3 21. Bd1 Nc6
22. Be3 Be5 23. Rb1 Bh2+ 24. Kh1 Rxe4 25. Bf3 Rxe3 26. fxe3 Ne5 27. Be4 Bg3 28.
Bd5+ Kf8 29. Rbd1 Bh4 30. Qa3 Rd6 31. Qb2 Qe7 32. e4 Qe8 33. Qd2 g5 34. Kh2 Ng6
35. Qxd3 Nf4 36. Qf3 Nxd5 37. exd5 Qe5+ 38. g3 g4 39. hxg4 Bg5 40. Rde1 Qb2+ 41.
Re2 Qd4 42. Qf5 Rd8 43. Qxg5 1-0

[Event "Challenge"]
[Site "http://www.queenalice.com/game.php?id=614219"]
[Date "2009.7.6"]
[Round "-"]
[White "Canaye"]
[Black "egis"]
[Result "0-1"]
[WhiteElo "1929"]
[BlackElo "2172"]

1. d4 Nf6 2. c4 e6 3. Nc3 Bb4 4. Nf3 O-O 5. Qc2 d6 6. a3 Bxc3+ 7. Qxc3 b6 8. Bg5
h6 9. Bh4 c5 10. dxc5 dxc5 11. Rd1 Nbd7 12. e3 a5 13. Ne5 Qc7 14. Nxd7 Nxd7 15.
Be7 Re8 16. Bd6 Qc6 17. Rg1 Nf6 18. Bd3 Bd7 19. Be5 Ng4 20. Bxg7 e5 21. h3 Nxe3
22. fxe3 Kxg7 23. Rd2 f6 24. Be2 Bf5 25. Rd5 Be4 26. Bf3 Bxd5 27. Bxd5 Qd6 28.
Bxa8 Rxa8 29. Ke2 Qc6 30. Qd3 Ra7 31. Qf5 Rd7 32. g4 Rd6 33. g5 hxg5 34. h4 Qd7
35. hxg5 Qxf5 0-1

[Event "QA-ANNIV-04"]
[Site "http://www.queenalice.com/game.php?id=644223"]
[Date "2009.8.29"]
[Round "6"]
[White "pensalo"]
[Black "egis"]
[Result "1-0"]
[WhiteElo "2373"]
[BlackElo "2186"]

1. e4 c5 2. Nf3 e6 3. d4 cxd4 4. Nxd4 Nf6 5. Nc3 d6 6. Bg5 Be7 7. Bd3 O-O 8. O-O
Nbd7 9. Qd2 h6 10. Bxf6 Bxf6 11. Bc4 b6 12. Ndb5 Bxc3 13. Qxc3 Nc5 14. e5 dxe5
15. Qxe5 Ba6 16. Rfd1 Qe7 17. Rd4 Bxb5 18. Bxb5 a6 19. Be2 Rfd8 20. Rad1 a5 21.
c3 Rxd4 22. Rxd4 Qe8 23. Bf3 Rc8 24. Rg4 g6 25. Rh4 Qf8 26. Qe3 h5 27. h3 Qe7
28. Rc4 Rc7 29. Be2 Kh7 30. g3 Qd6 31. Rd4 Qc6 32. Bf3 Qb5 33. Qf4 Re7 34. Qf6
Qe8 35. Bxh5 Kg8 36. Rh4 Nd7 37. Qg5 Nf8 38. Bf3 Rd7 39. Qe5 Nh7 40. Qe3 g5 41.
Rh5 Rd6 42. Qe4 f5 43. Qe5 Qf8 44. g4 fxg4 45. Bxg4 Qf4 46. Bxe6+ Kf8 47. Qh8+
Ke7 48. Rxh7+ Kxe6 49. Qg8+ Kf5 50. Rf7+ Rf6 51. Rd7 Re6 52. Qf8+ Ke5 53. Rf7
Qf6 54. Rxf6 Rxf6 55. Qe7+ Kf5 56. Kg2 Kg6 57. Kg3 1-0

[Event "QA-ANNIV-04"]
[Site "http://www.queenalice.com/game.php?id=695057"]
[Date "2009.12.9"]
[Round "7"]
[White "egis"]
[Black "Andreu"]
[Result "1-0"]
[WhiteElo "2171"]
[BlackElo "1940"]

1. c4 e5 2. Nc3 d6 3. d4 exd4 4. Qxd4 Nc6 5. Qf4 Nf6 6. Be3 Nb4 7. O-O-O g6 8.
a3 Nc6 9. Nf3 Bg7 10. c5 O-O 11. g3 Nh5 12. Qe4 Bf5 13. Qc4 Ne5 14. Qd5 Nxf3 15.
exf3 Nf6 16. Qxb7 Nd7 17. Na4 Qf6 18. Bd4 Qe6 19. Bxg7 Kxg7 20. g4 Rab8 21. Qxa7
Bc2 22. Kxc2 Qb3+ 23. Kd2 Nxc5 24. Nxc5 dxc5 25. Bd3 Qd5 26. b4 c4 27. Kc3 cxd3
28. Rxd3 Qc6+ 29. Qc5 Qf6+ 30. Qd4 Rfd8 31. Qxf6+ Kxf6 32. Rxd8 Rxd8 33. a4 Ra8
34. Kb3 Ke5 35. Rc1 Kd6 36. b5 Kd7 37. h4 h6 38. f4 f6 39. Kb4 1-0

[Event "QA-ANNIV-04"]
[Site "http://www.queenalice.com/game.php?id=762149"]
[Date "2010.4.16"]
[Round "8"]
[White "Brandon"]
[Black "egis"]
[Result "1-0"]
[WhiteElo "2554"]
[BlackElo "2176"]

1. e4 c5 2. Nf3 Nc6 3. Bb5 Qb6 4. Nc3 Nf6 5. e5 Ng4 6. O-O Ncxe5 7. Nxe5 Nxe5 8.
Qh5 Ng6 9. f4 a6 10. Bc4 Qd6 11. d3 e6 12. Ne4 Qc6 13. f5 exf5 14. Rxf5 f6 15.
Ng5 d6 16. Rf2 fxg5 17. Bxg5 Be7 18. Bxe7 Kd7 19. Bd5 Qa4 20. Re1 Kc7 21. Re4
Qb5 22. Rf7 Nxe7 23. Rexe7+ Kb8 24. Qf3 Ra7 25. Qg3 Qxb2 26. Qxd6+ Ka8 27. Qxc5
h5 28. Bc6 Qxa2 29. Be8 Bg4 30. h3 Qxf7 31. Bxf7 Rb8 32. hxg4 hxg4 33. Re8 Rxe8
34. Bxe8 Kb8 35. Bd7 Ra8 36. Qb6 g6 37. Bc6 1-0